[Event "ch-RUS HL"]
[Site "Ulan Ude RUS"]
[Date "2009.09.05"]
[Round "4"]
[White "Landa,K"]
[Black "Zabotin,A"]
[Result "1/2-1/2"]
[WhiteElo "2655"]
[BlackElo "2512"]

1.e4 c5 2.Nf3 d6 3.d4 cxd4 4.Nxd4 Nf6 5.Nc3 Nc6 6.Bg5 e6 7.Qd2 a6 8.O-O-O Bd7
9.f3 b5 10.Nxc6 Bxc6 11.Ne2 Be7 12.h4 h6 13.Be3 h5 14.Bg5 Qb6 15.Kb1 Rd8
16.Nf4 Rd7 17.Qe1 Bb7 18.Be2 Rc7 19.Bd3 Qc5 20.Nh3 e5 21.Be3 Qc6 22.Ng5 Nd7
23.c3 Nc5 24.Bc2 Bc8 25.Qe2 f6 26.Nh3 Be6 27.Nf2 Na4 28.Bb3 Bc4 29.Qc2 Rd7
30.Rd5 Bd8 31.Nd1 Bb6 32.Rd2 Nc5 33.Bxc5 Bxc5 34.Re1 Ke7 35.Ne3 Bxe3 36.Rxe3 Rb8
37.Qd1 a5 38.a3 Qc5 39.Re1 Bxb3 40.Qxb3 Qc4 41.Qxc4 bxc4 42.Rd5 Rdb7 43.Re2 Rb5
44.Red2 a4  1/2-1/2

[Event "ch-RUS HL"]
[Site "Ulan Ude RUS"]
[Date "2009.09.06"]
[Round "5"]
[White "Anisimov,P2"]
[Black "Savchenko,B"]
[Result "1/2-1/2"]
[WhiteElo "2518"]
[BlackElo "2638"]

1.e4 c5 2.Nf3 Nc6 3.d4 cxd4 4.Nxd4 Nf6 5.Nc3 d6 6.Bg5 Bd7 7.Qd2 Nxd4 8.Qxd4 Qa5
9.Bd2 e5 10.Qd3 Bc6 11.Nd5 Qd8 12.c4 Be7 13.Be2 O-O 14.O-O Nxd5 15.cxd5 Bd7
16.Qb3 b5 17.Rac1 Qb6 18.Qe3 Qb7 19.Rc2 Rfc8 20.Rfc1 Rc5 21.Qb3 a5 22.Rxc5 dxc5
23.a4 c4 24.Qg3 bxa4 25.Bc3 f6 26.Bxc4 Bd6 27.Be2 Kh8 28.Bg4 Be8 29.Qe3 Qe7
30.Qd2 Bg6 31.Qc2 a3 32.bxa3 Bxa3 33.Ra1 a4 34.Bd7 Qxd7 35.Rxa3 h6 36.Be1 Qxd5
37.Rxa4 Rxa4 38.Qxa4 Bxe4 39.f3 Qc5+ 40.Kh1 Bc6 41.Qb4 Qc2 42.Qd2 Qc4 43.h4 Kh7
44.Kh2 Be8 45.Qc3 Qf4+ 46.Bg3 Qf5 47.Qe3 Bc6 48.Qc5 Ba8 49.Qa3 Bb7 50.Qb3 Ba6
51.Qe3 Qc2 52.Kg1 Bb7 53.Kh2 Bd5 54.Kg1 Kg6 55.Kh2 Bc6 56.Kg1 Qd1+ 57.Kh2 Qd5
58.Qe2 Bb5 59.Qe3 Kf7 60.Qa7+ Bd7 61.Qe3 Bc6 62.Qa7+ Bb7 63.Qe3 g5 64.Qe2 Ke6
65.hxg5 hxg5 66.Be1 Qb3 67.Bd2 Qc2 68.Qf2 Kf7 69.Be3 Qc4 70.Kg1 Kg6 71.Qb2 Bc6
72.Qb1+ Kg7 73.Qc1 Qd5 74.Qd2 Qe6 75.Kf2 g4 76.f4 Be4 77.Kg3 Bd5 78.Qd1 f5
79.Qa1 Kf6 80.Qxe5+ Qxe5  1/2-1/2

[Event "ch-RUS HL"]
[Site "Ulan Ude RUS"]
[Date "2009.09.06"]
[Round "5"]
[White "Pushkarev,D"]
[Black "Yaksin,O"]
[Result "1-0"]
[WhiteElo "2429"]
[BlackElo "2385"]

1.e4 c5 2.Nf3 d6 3.d4 cxd4 4.Nxd4 Nf6 5.Nc3 Nc6 6.Bg5 e6 7.Qd2 Be7 8.O-O-O Qb6
9.Bxf6 Bxf6 10.Nxc6 bxc6 11.Na4 Qb7 12.Qxd6 Be7 13.Qd4 O-O 14.Bc4 Rb8 15.e5 c5
16.Qf4 Qb4 17.b3 Qa3+ 18.Kd2 Rb4 19.c3 g5 20.Qe4 Qxa2+ 21.Ke3 Bb7 22.Qd3 Rxc4
23.Qxc4 Bd5 24.Ra1 Bxc4 25.Rxa2 Bxb3 26.Raa1 Rd8 27.c4 Bxc4 28.Rhd1 Rb8 29.Rab1 Bb3
30.Rd7 Bf8 31.Rc7 c4 32.Rxc4 Rb5 33.Nc3 Rb6 34.Rc7 a5 35.Ne4 Rb5 36.g3 a4
37.f4 Rb4 38.Nd6 Bh6 39.Rxf7 a3 40.Rc1 Rb8 41.Ra7 Rf8 42.Rf1 a2 43.Ne4 Bg7
44.Rc1 Bd5 45.Rcc7 gxf4+ 46.gxf4 Bh8 47.Nc3  1-0

[Event "ch-RUS HL"]
[Site "Ulan Ude RUS"]
[Date "2009.09.07"]
[Round "6"]
[White "Savchenko,B"]
[Black "Zabotin,A"]
[Result "1-0"]
[WhiteElo "2638"]
[BlackElo "2512"]

1.e4 c5 2.Nf3 d6 3.d4 cxd4 4.Nxd4 Nf6 5.Nc3 Nc6 6.Bg5 e6 7.Qd2 a6 8.O-O-O Bd7
9.f3 b5 10.Kb1 h6 11.Be3 Nxd4 12.Qxd4 Bc6 13.Qd2 Qc7 14.h4 Rd8 15.Bd3 h5
16.Bg5 Be7 17.Qe1 b4 18.Ne2 a5 19.Nd4 Bd7 20.Qg3 Rb8 21.Rhe1 a4 22.e5 dxe5
23.Rxe5 Bd6 24.Rde1 Kf8 25.Bf4 Nd5 26.Nf5 Rg8 27.Nxd6 Nxf4 28.Nxf7 Nxd3 29.cxd3 Rc8
30.Qf4 a3 31.Nd8+ Ke7 32.Rxe6+ Bxe6 33.Rxe6+ Kxd8 34.Qg5+  1-0

[Event "ch-RUS HL"]
[Site "Ulan Ude RUS"]
[Date "2009.09.07"]
[Round "6"]
[White "Galkin,A"]
[Black "Zvjaginsev,V"]
[Result "0-1"]
[WhiteElo "2608"]
[BlackElo "2635"]

1.e4 c5 2.Nf3 Nc6 3.d4 cxd4 4.Nxd4 Nf6 5.Nc3 d6 6.Bg5 Bd7 7.Qd2 h6 8.Bxf6 gxf6
9.Nf5 Qa5 10.Bd3 e6 11.Ne3 h5 12.f4 h4 13.Rf1 O-O-O 14.O-O-O Kb8 15.Kb1 Bc8
16.Ne2 Qxd2 17.Rxd2 d5 18.exd5 Bc5 19.dxc6 Bxe3 20.Rdd1 f5 21.Rf3 Bb6 22.Nc3 bxc6
23.Na4 c5 24.Nxb6 axb6 25.Kc1 Bb7 26.Rf2 Kc7 27.Bf1 Ra8 28.Bb5 Rhd8 29.a3 Be4
30.Rxd8 Rxd8 31.Bf1 f6 32.Bc4 e5 33.g3 Rh8 34.fxe5 fxe5 35.Bd3 Bxd3 36.cxd3 Rh5
37.Kd2 hxg3 38.hxg3 Rg5 39.Rf3 Kd6 40.Kc3 Kd5 41.Rf1 Rxg3 42.Rxf5 c4 43.Rf8 Rxd3+
44.Kc2 e4 45.Rd8+ Kc5 46.Rc8+ Kd4 47.Rd8+ Ke3 48.Rc8 Kd4 49.Rd8+ Ke5 50.Rb8 e3
51.a4 Kd4  0-1

[Event "ch-RUS HL"]
[Site "Ulan Ude RUS"]
[Date "2009.09.07"]
[Round "6"]
[White "Badmatsyrenov,O"]
[Black "Yaksin,O"]
[Result "1-0"]
[WhiteElo "2437"]
[BlackElo "2385"]

1.e4 c5 2.Nf3 d6 3.d4 cxd4 4.Nxd4 Nf6 5.Nc3 Nc6 6.Bg5 e6 7.Qd2 Be7 8.O-O-O Qb6
9.Ndb5 O-O 10.Qe1 Rd8 11.f4 Rd7 12.Kb1 a6 13.Bxf6 gxf6 14.Na3 d5 15.exd5 Bxa3
16.Na4 Qd8 17.Qg3+ Kh8 18.Qxa3 Rxd5 19.Be2 Kg7 20.Rxd5 exd5 21.Rd1 Bf5 22.Qg3+ Kh8
23.Bd3 Bxd3 24.Qxd3 d4 25.Qf5 Qe7 26.Nc5 Re8 27.Rc1 a5 28.Nd3 Qd6 29.a3 b6
30.Rf1 Ne7 31.Qh5 Qd5 32.f5 Qxg2 33.Re1 Rc8 34.Qxf7 Nd5 35.Qd7 Rg8 36.h3 Ne3
37.Qxd4 Qxc2+ 38.Ka1 Nxf5 39.Qxf6+ Ng7 40.Ne5 Rc8 41.Rg1  1-0

[Event "TCh-SRB 1st League"]
[Site "Kragujevac SRB"]
[Date "2009.09.10"]
[Round "9"]
[White "Solak,D"]
[Black "Zlatic,Mih"]
[Result "1/2-1/2"]
[WhiteElo "2583"]
[BlackElo "2456"]

1.e4 c5 2.Nf3 Nc6 3.d4 cxd4 4.Nxd4 Nf6 5.Nc3 d6 6.Bg5 e6 7.Qd2 a6 8.O-O-O Bd7
9.f4 b5 10.Bxf6 gxf6 11.Kb1 Qb6 12.Nce2 O-O-O 13.g3 Kb8 14.Bg2 Rc8 15.Rhf1 Be7
16.Nxc6+ Bxc6 17.f5 e5 18.Nc3 Qc5 19.Qe2 b4 20.Nd5 Bxd5 21.Rxd5 Qc4 22.Qd2 Rc5
23.Rxc5 dxc5 24.Qd3 Qxd3 25.cxd3 Rd8 26.Kc2 Rd4 27.Bf3 c4 28.dxc4 Rxc4+ 29.Kb3 Rd4
30.Rd1 Bc5 31.Rxd4 Bxd4 32.Bh5 Kc7 33.Bxf7 a5 34.Be8 Kd6 35.Kc2 Bg1 36.h3 Bf2
37.g4 h6 38.Kd3 Kc5 39.Ke2 Bh4 40.Kd3 Bf2 41.Bf7 Bh4 42.Be6 Bf2 43.Bd5 Bh4
44.Ke3 Be1 45.Kd3 Bf2 46.Kc2 Bg3 47.Kb3 Be1 48.Ka4 Kb6 49.Bf7 Bf2 50.a3 bxa3
51.Kxa3 Kc5 52.Ka4 Kb6 53.Be8 Be1 54.Bg6 Bf2 55.Bh7 Be1 56.Bg8 Bf2 57.Bf7 Be1
58.Bc4 Bf2 59.Bf1 Bg3 60.Bd3 Be1 61.Bb5 Bf2 62.Bd7 Be1 63.Bb5 Bf2 64.b4 axb4
65.Kxb4 Kc7 66.h4 Bxh4 67.Kc5 Bg5  1/2-1/2

[Event "2nd WTeam w"]
[Site "Ningbo CHN"]
[Date "2009.09.11"]
[Round "9"]
[White "Majdan,J"]
[Black "Lomineishvili,M"]
[Result "1/2-1/2"]
[WhiteElo "2361"]
[BlackElo "2378"]

1.e4 c5 2.Nf3 d6 3.d4 cxd4 4.Nxd4 Nf6 5.Nc3 Nc6 6.Bg5 e6 7.Qd2 Qb6 8.Nb3 Be7
9.Bxf6 Bxf6 10.Qxd6 Bd7 11.Qc5 Qxc5 12.Nxc5 O-O-O 13.O-O-O Bd4 14.Nd3 Ne5
15.Nxe5 Bxe5 16.Bd3 Bc6 17.f3 h5 18.Ne2 h4 19.Rdf1 g5 20.h3 Kb8 21.Rf2 Rc8
22.Rd1 Rhd8 23.b3 Rc7 24.f4 gxf4 25.Nxf4 Rcd7 26.Rdf1 Bd4 27.Re2 Be5 28.Ref2 Bd4
29.Re2 Be5 30.Ref2  1/2-1/2

[Event "FSIMA September"]
[Site "Budapest HUN"]
[Date "2009.09.12"]
[Round "8"]
[White "Lorand,N"]
[Black "Turzo,A"]
[Result "1-0"]
[WhiteElo "2339"]
[BlackElo "2314"]

1.e4 c5 2.Nf3 Nc6 3.d4 cxd4 4.Nxd4 Nf6 5.Nc3 d6 6.Bg5 e6 7.Qd2 a6 8.O-O-O Bd7
9.f4 b5 10.Bxf6 gxf6 11.Kb1 Qb6 12.Nxc6 Bxc6 13.Qe1 Be7 14.Bd3 O-O-O 15.Nd5 Qb7
16.Qc3 Bf8 17.Nb4 Kd7 18.Nxc6 Qxc6 19.Qxf6 Be7 20.Qh6 Rdg8 21.g3 Qc5 22.e5 d5
23.Rhf1 a5 24.a3 Rb8 25.Qh5 b4 26.a4 b3 27.c3 Qc6 28.f5 Qxa4 29.Qxf7 Rhc8
30.Qxe6+ Ke8 31.Bb5+ Rxb5 32.Qxc8+ Kf7 33.e6+ Kg7 34.f6+ Kh6 35.Rf4 Qa2+
36.Kc1 Qa1+ 37.Kd2 Qxb2+ 38.Ke1 Rc5 39.Rh4+ Kg5 40.Qg8+ Kxf6 41.Rh6+ Ke5
42.Qb8+ Bd6 43.Qh8+ Ke4 44.Qd4+ Kf3 45.Rf6+ Kg2 46.Rf2+  1-0

[Event "Quality Chess Int"]
[Site "Edinburgh SCO"]
[Date "2009.09.13"]
[Round "2"]
[White "Andersen,Mad"]
[Black "Mikkelsen,N"]
[Result "1/2-1/2"]
[WhiteElo "2338"]
[BlackElo "2361"]

1.e4 c5 2.Nf3 d6 3.d4 cxd4 4.Nxd4 Nf6 5.Nc3 Nc6 6.Bg5 e6 7.Qd2 a6 8.O-O-O Bd7
9.f3 h6 10.Be3 b5 11.g4 Ne5 12.Bd3 Qc7 13.Kb1 b4 14.Nce2 d5 15.exd5 Nxd5
16.Nf4 Nxe3 17.Qxe3 Bc5 18.Qe4 Rd8 19.Rhe1 Nxd3 20.Nxd3 Bxd4 21.Qxd4 O-O
22.Qxb4 Bc6 23.Qc3 Qd6 24.Rf1 Bb5 25.Rf2 Rd7 26.Rfd2 Rfd8 27.b3 Qc6 28.Qxc6 Bxc6
29.f4 Bf3 30.Rg1 Be4 31.Rg3 Rd4 32.Kc1 R8d5 33.h3 Ra5 34.c3 Rxd3 35.Rgxd3 Bxd3
36.Rxd3 Rxa2 37.Rd8+ Kh7 38.c4 Ra5 39.Kb2 g5 40.fxg5 Rxg5 41.b4 h5 42.Rd4 e5
43.Re4 hxg4 44.hxg4 Kg6 45.Kb3 f5 46.gxf5+ Kxf5 47.Re1 e4  1/2-1/2

[Event "ch-RUS HL"]
[Site "Ulan Ude RUS"]
[Date "2009.09.13"]
[Round "11"]
[White "Galkin,A"]
[Black "Grachev,B"]
[Result "1/2-1/2"]
[WhiteElo "2608"]
[BlackElo "2684"]

1.e4 c5 2.Nf3 d6 3.d4 cxd4 4.Nxd4 Nf6 5.Nc3 Nc6 6.Bg5 e6 7.Qd2 a6 8.O-O-O Be7
9.f4 Nxd4 10.Qxd4 b5 11.Be2 Bb7 12.Bf3 O-O 13.e5 Bxf3 14.exf6 gxf6 15.gxf3 fxg5
16.Ne4 d5 17.Nxg5 Bf6 18.Qd3 Bxg5 19.Rhg1 Qf6 20.fxg5 Qg6 21.f4 Qxd3 22.Rxd3 Rac8
23.f5 Rc4 24.g6 fxg6 25.fxe6 Re4 26.Rxd5  1/2-1/2

[Event "TCh-POL"]
[Site "Lublin POL"]
[Date "2009.09.14"]
[Round "3"]
[White "Swiercz,D"]
[Black "Zawadzki,S"]
[Result "1/2-1/2"]
[WhiteElo "2492"]
[BlackElo "2423"]

1.e4 c5 2.Nf3 Nc6 3.d4 cxd4 4.Nxd4 Nf6 5.Nc3 d6 6.Bg5 e6 7.Qd3 a6 8.O-O-O Bd7
9.Be2 h6 10.Bh4 b5 11.Nxc6 Bxc6 12.Rhe1 Be7 13.Bxf6 Bxf6 14.Qxd6 Qxd6 15.Rxd6 Rc8
16.f4 g5 17.g3 gxf4 18.gxf4 Rg8 19.Bh5 Bh4 20.Red1 Ke7 21.e5 Rg2 22.R1d2 Rg1+
23.Rd1 Rg2 24.R1d2 Rg1+ 25.Rd1  1/2-1/2

[Event "TCh-ROU Superliga"]
[Site "Eforie Nord ROU"]
[Date "2009.09.19"]
[Round "1"]
[White "Chirila,I"]
[Black "Moldovan,D"]
[Result "1-0"]
[WhiteElo "2504"]
[BlackElo "2444"]

1.e4 c5 2.Nf3 d6 3.d4 cxd4 4.Nxd4 Nf6 5.Nc3 Nc6 6.Bg5 Qb6 7.Nb3 e6 8.Bxf6 gxf6
9.Qd2 a6 10.f4 Bd7 11.O-O-O O-O-O 12.Be2 h5 13.Rhf1 Kb8 14.Rf3 Bc8 15.Kb1 h4
16.Qe1 Be7 17.Rh3 Rhg8 18.Bf3 f5 19.Nd5 exd5 20.exd5 Bf6 21.dxc6 bxc6 22.c4 Rge8
23.Qd2 Kc7 24.Na5 Bxb2 25.Kc2 Bf6 26.Rb1 Qc5 27.Bxc6 Re2 28.Qxe2 Qxa5 29.Bf3 Qxa2+
30.Kc1 Qa3+ 31.Kd1 Bd7 32.Bc6 Qc5 33.Bxd7 Rxd7 34.Rhb3 Rd8  1-0

[Event "TCh-ROU w Superliga"]
[Site "Eforie Nord ROU"]
[Date "2009.09.19"]
[Round "1"]
[White "Arakhamia,K"]
[Black "Melia,S"]
[Result "1/2-1/2"]
[WhiteElo "2499"]
[BlackElo "2432"]

1.e4 c5 2.Nf3 d6 3.d4 cxd4 4.Nxd4 Nf6 5.Nc3 Nc6 6.Bg5 e6 7.Qd2 Qb6 8.Nb3 Be7
9.O-O-O O-O 10.f3 Rd8 11.Nb5 Rd7 12.Qe1 a6 13.N5d4 Rd8 14.h4 Qc7 15.g4 e5
16.Nxc6 Qxc6 17.h5 d5 18.exd5 Rxd5 19.Bd3 e4 20.Bxe4 Nxe4 21.Bxe7 Rxd1+ 22.Qxd1 Bxg4
23.h6 Ng3 24.Nd4 Qd7 25.Re1 Re8 26.Bh4 Rxe1 27.Qxe1 Nf5 28.Nxf5 Bxf5 29.Qg3 f6
30.Bxf6 g6 31.b3 Kf7  1/2-1/2

[Event "TCh-FIN 2009-10"]
[Site "Finland FIN"]
[Date "2009.09.19"]
[Round "1"]
[White "Rytshagov,M"]
[Black "Veingold,A"]
[Result "1/2-1/2"]
[WhiteElo "2479"]
[BlackElo "2468"]

1.e4 c5 2.Nf3 d6 3.d4 cxd4 4.Nxd4 Nf6 5.Nc3 Nc6 6.Bg5 e6 7.Qd2 a6 8.O-O-O Bd7
9.f4 b5 10.Bxf6 gxf6 11.Nxc6 Bxc6 12.Bd3 Qb6 13.Rhe1 O-O-O 14.Qe2 h5 15.a4 bxa4
16.Bxa6+ Kb8 17.Bb5 a3 18.Bxc6  1/2-1/2

[Event "TCh-ROU w Superliga"]
[Site "Eforie Nord ROU"]
[Date "2009.09.20"]
[Round "2"]
[White "Melia,S"]
[Black "Gheorghe,C"]
[Result "1-0"]
[WhiteElo "2432"]
[BlackElo "2228"]

1.e4 c5 2.Nf3 d6 3.d4 cxd4 4.Nxd4 Nf6 5.Nc3 Nc6 6.Bg5 e6 7.Qd2 a6 8.O-O-O Bd7
9.f4 b5 10.Bxf6 gxf6 11.Kb1 Qb6 12.Nxc6 Bxc6 13.f5 b4 14.Ne2 e5 15.Ng3 h5
16.h4 Qc5 17.Qe2 Ke7 18.Nxh5 a5 19.g4 a4 20.Rh3 a3 21.b3 Rc8 22.Qe3 Bh6 23.Qxc5 dxc5
24.Bd3 Rcd8 25.Rg1 Rhg8 26.g5 fxg5 27.f6+ Kd7 28.Rhg3 g4 29.Ng7 Rh8 30.Rxg4 Kc7
31.Nf5 Bd7 32.Rg7 Be6 33.Bc4 Bxc4 34.bxc4 Rd7 35.Rf1 Rhd8 36.Rgg1 Rh8 37.Rd1 Bf4
38.Rd5  1-0

[Event "TCh-FIN 2009-10"]
[Site "Finland FIN"]
[Date "2009.09.20"]
[Round "2"]
[White "Nyysti,S"]
[Black "Rantanen,Y"]
[Result "0-1"]
[WhiteElo "2365"]
[BlackElo "2355"]

1.e4 c5 2.Nf3 d6 3.d4 cxd4 4.Nxd4 Nf6 5.Nc3 Nc6 6.Bg5 e6 7.Qd2 a6 8.O-O-O h6
9.Nxc6 bxc6 10.Bf4 d5 11.e5 Nd7 12.h4 Rb8 13.Nb1 Qb6 14.c4 Bc5 15.Rh3 Bxf2
16.Nc3 Qa7 17.Qe2 Rb4 18.Qg4 g6 19.a3 Rb7 20.Bd3 Bd4 21.Bxg6 Nxe5 22.Bxe5 Bxe5
23.cxd5 Qf2 24.Bc2 Qf4+ 25.Qxf4 Bxf4+ 26.Kb1 cxd5 27.Re1 Kf8 28.Rf3 Bd6 29.Kc1 Kg7
30.g4 Be7  0-1

[Event "Open"]
[Site "Baku AZE"]
[Date "2009.09.24"]
[Round "4"]
[White "Durarbeyli,V"]
[Black "Mamedov,Nid"]
[Result "0-1"]
[WhiteElo "2443"]
[BlackElo "2620"]

1.e4 c5 2.Nf3 d6 3.d4 cxd4 4.Nxd4 Nf6 5.Nc3 Nc6 6.Bg5 e6 7.Qd2 a6 8.O-O-O Bd7
9.f3 h6 10.Be3 b5 11.Kb1 Ne5 12.f4 b4 13.fxe5 bxc3 14.Qxc3 Rc8 15.Qe1 dxe5
16.Nb3 Qc7 17.Bd3 Bb5 18.Qe2 Qb8 19.Bd2 Be7 20.g4 Nd7 21.h4 Bxd3 22.Qxd3 Qb5
23.Qf3 Qc6 24.Bc3 Nf6 25.Rhe1 h5 26.g5 Ng4 27.Rd2 O-O 28.Red1 f5 29.gxf6 Rxf6
30.Qg3 Qxe4 31.Rd7 Rf2 32.Nd2 Qe2 33.Rg1 Bf6 34.a4 Rd8 35.Rxd8+ Bxd8 36.Qh3 e4
37.Qh1 e3 38.Qa8 exd2 39.Qxd8+ Kh7 40.Qd7 e5 41.Ka2 Qc4+ 42.Ka3 Rf3 43.Rb1 Qd4
44.Qe8 Nf6  0-1

[Event "XingQiu Open"]
[Site "Lishui CHN"]
[Date "2009.09.25"]
[Round "9"]
[White "Lu Yijie"]
[Black "Wu Wenjin"]
[Result "1-0"]
[WhiteElo "2330"]
[BlackElo "2407"]

1.e4 c5 2.Nf3 Nc6 3.d4 cxd4 4.Nxd4 Nf6 5.Nc3 d6 6.Bg5 Bd7 7.Qd2 Nxd4 8.Qxd4 Qa5
9.f4 e5 10.Qd2 Be7 11.f5 Rc8 12.Bxf6 Bxf6 13.O-O-O O-O 14.Kb1 a6 15.g4 Rc6
16.g5 Bd8 17.h4 Bb6 18.Nd5 Qxd2 19.Ne7+ Kh8 20.Rxd2 Ba5 21.c3 Rc7 22.b4 Bb6
23.Rxd6 Ba7 24.Kb2 Ba4 25.f6 gxf6 26.gxf6 Rd7 27.Rxd7 Bxd7 28.Bc4 Bf2 29.h5 h6
30.Rf1 Be3 31.Bd5 b6 32.Kc2 Bg5 33.c4 a5 34.c5 bxc5 35.bxc5 Bb5 36.Rf5 Bd7
37.Rf1 Bb5 38.Rf2 Be3 39.Rg2 Bg5 40.Kb3 Bxf6 41.Nf5 Rb8 42.Ka3 Bg5 43.Rc2 Bd7
44.c6 Bc8 45.c7 Rb4 46.Rc4 Rb1 47.Ka4 Bd7+ 48.Bc6 Be6 49.Nd6 Kg7 50.c8=Q Bxc8
51.Nxc8  1-0

[Event "18th TCh-CRO"]
[Site "Sibenik CRO"]
[Date "2009.09.26"]
[Round "6"]
[White "Fercec,N"]
[Black "Jankovic,A"]
[Result "1/2-1/2"]
[WhiteElo "2463"]
[BlackElo "2548"]

1.e4 c5 2.Nf3 Nc6 3.d4 cxd4 4.Nxd4 Nf6 5.Nc3 d6 6.Bg5 e6 7.Qd2 a6 8.O-O-O Bd7
9.f3 b5 10.g4 h6 11.Be3 Ne5 12.a3 Qc7 13.h4 Rb8 14.Kb1 g6 15.Be2 Nc4 16.Bxc4 Qxc4
17.Nb3 b4 18.axb4 Qxb4 19.e5 dxe5 20.g5 hxg5 21.Bxg5 Nd5 22.Nxd5 exd5 23.Qxd5 Qb5
24.Bf6 Rh5 25.Rhe1 Qxd5  1/2-1/2

[Event "TCh-ROU Superliga"]
[Site "Eforie Nord ROU"]
[Date "2009.09.27"]
[Round "9"]
[White "Solak,D"]
[Black "Lupulescu,C"]
[Result "1/2-1/2"]
[WhiteElo "2583"]
[BlackElo "2599"]

1.e4 c5 2.Nf3 d6 3.d4 cxd4 4.Nxd4 Nf6 5.Nc3 Nc6 6.Bg5 e6 7.Qd2 a6 8.O-O-O Bd7
9.f4 b5 10.Bxf6 gxf6 11.Kb1 Qb6 12.Nce2 Rc8 13.h4  1/2-1/2

[Event "18th TCh-CRO"]
[Site "Sibenik CRO"]
[Date "2009.09.27"]
[Round "7"]
[White "Brkic,A"]
[Black "Kozul,Z"]
[Result "1/2-1/2"]
[WhiteElo "2544"]
[BlackElo "2588"]

1.e4 c5 2.Nf3 d6 3.d4 cxd4 4.Nxd4 Nf6 5.Nc3 Nc6 6.Bg5 e6 7.Qd2 a6 8.O-O-O Bd7
9.f3 Be7 10.Be3 O-O 11.g4 Nxd4 12.Bxd4 b5 13.Kb1 b4 14.Ne2 a5 15.g5 Ne8 16.h4 Rb8
17.Ng3 a4 18.f4 Qc7 19.Bd3 e5 20.Be3 a3 21.b3 exf4 22.Bxf4 g6 23.h5 Ng7 24.Rdf1 Qc3
25.Qxc3 bxc3 26.e5 d5 27.e6 Nxe6 28.Bxb8 Rxb8 29.Ne2 Bxg5 30.Nxc3 Bc6 31.hxg6 hxg6
32.Rhg1 Kg7 33.Ne2 Re8 34.Rg3 Bh6 35.Rxf7+ Kxf7 36.Bxg6+ Kf6 37.Bxe8 Bxe8
38.b4 Bd2 39.Rxa3 Bxb4 40.Rb3 Bc5 41.Rf3+ Ke5 42.Nc1 Kd6 43.Nb3 Bb6 44.Kb2 Bb5
45.Rg3 Bd8 46.Rg6 Be8 47.Rg8 Bf7 48.Rg4 Bf6+ 49.c3 Bh5 50.Rb4 Kc7 51.Ra4 Be2
52.Ra7+ Kd6 53.Rb7 Bd8 54.Rh7 Bc4 55.Rh8 Bf6 56.Rh6 Bg7 57.Rg6 Bb5 58.Nd4 Bxd4
59.cxd4 Ke7 60.Rg4 Kf6 61.Kc3 Kf5 62.Rh4 Nf4 63.Kb4 Bc4 64.a4 Ke4 65.a5 Ke3
66.Kc5 Nd3+ 67.Kb6 Nb4 68.Kc5 Na6+ 69.Kb6 Kd3 70.Rg4 Kc3 71.Rh4 Kd3  1/2-1/2

[Event "Open"]
[Site "Baku AZE"]
[Date "2009.09.28"]
[Round "8"]
[White "Savchenko,B"]
[Black "Shanava,K"]
[Result "1-0"]
[WhiteElo "2638"]
[BlackElo "2525"]

1.e4 c5 2.Nf3 d6 3.d4 cxd4 4.Nxd4 Nf6 5.Nc3 Nc6 6.Bg5 Bd7 7.Qd2 Rc8 8.O-O-O Nxd4
9.Qxd4 Qa5 10.f4 Rxc3 11.bxc3 e5 12.Qb4 Qxb4 13.cxb4 Nxe4 14.Rd5 Nxg5 15.fxg5 Be7
16.Bb5 Bxg5+ 17.Kb1 Bxb5 18.Rxb5 b6 19.Rd1 Ke7 20.Rd3 Rd8 21.c4 Ke6 22.c5 dxc5
23.Rxd8 Bxd8 24.bxc5 bxc5 25.Rxc5 Bb6 26.Rc8 f5 27.Re8+ Kf6 28.Kc2 e4 29.Rf8+ Kg5
30.Rf7 Kg6 31.Rd7 Kf6 32.Kd2 f4 33.h3 h5 34.Rd6+ Kg5 35.Ke2 g6 36.a4 Kf5
37.a5 Bg1 38.h4 Bh2 39.Kf1 Bg3 40.Ra6 Bxh4 41.Rxa7 Bd8 42.a6 Bb6 43.Rb7 Be3
44.Rb5+ Kf6 45.Rb3 Bc5 46.Rc3 Ba7 47.Rc7 Be3 48.a7 Bxa7 49.Rxa7 g5 50.Ra6+ Kf5
51.Ra5+ Kf6 52.Kf2 h4 53.Rb5 g4 54.Rh5 h3 55.gxh3 e3+ 56.Ke2  1-0

[Event "18th TCh-CRO"]
[Site "Sibenik CRO"]
[Date "2009.09.29"]
[Round "9"]
[White "Saric,Iv"]
[Black "Jovanovic,Zo CRO"]
[Result "1-0"]
[WhiteElo "2573"]
[BlackElo "2535"]

1.e4 c5 2.Nf3 d6 3.d4 cxd4 4.Nxd4 Nf6 5.Nc3 Nc6 6.Bg5 e6 7.Qd2 Be7 8.O-O-O Qb6
9.Ndb5 O-O 10.Qe1 Rd8 11.f4 Rd7 12.Qg3 a6 13.Nxd6 Nh5 14.Nc4 Rxd1+ 15.Nxd1 Qc7
16.Qg4 f6 17.Bh6 Bd7 18.Qxh5 gxh6 19.Qxh6 b5 20.Nce3 Rc8 21.e5 Nb4 22.exf6 Bf8
23.Qg5+ Kh8 24.c3 h6 25.Qe5 Bd6 26.Qe4 Bc6 27.Qxe6 Re8 28.Qb3 Be4 29.f7 Rd8
30.a3 Nc6 31.Qe6 Qe7 32.Qxh6+ Bh7 33.Bd3 Qxf7 34.Bxh7 Bxf4 35.Qxc6  1-0

[Event "FSGM October"]
[Site "Budapest HUN"]
[Date "2009.10.07"]
[Round "5"]
[White "Czebe,A"]
[Black "Shankland,S"]
[Result "1-0"]
[WhiteElo "2485"]
[BlackElo "2474"]

1.e4 c5 2.Nf3 d6 3.d4 cxd4 4.Nxd4 Nf6 5.Nc3 Nc6 6.Bg5 e6 7.Qd2 Be7 8.O-O-O Nxd4
9.Qxd4 O-O 10.f3 a6 11.Kb1 b5 12.h4 Bb7 13.Qd2 Qc7 14.Bd3 Rfd8 15.Ne2 Rac8
16.Rc1 e5 17.c4 Qd7 18.Rhd1 bxc4 19.Bxc4 d5 20.Bxf6 Bxf6 21.Bxd5 Bxd5 22.exd5 Bxh4
23.Rxc8 Rxc8 24.Qd3 f5 25.Qxa6 e4 26.fxe4 fxe4 27.Qe6+ Qxe6 28.dxe6 e3 29.Rd4 Bg5
30.b4 Kf8 31.b5 Ke7 32.Re4 Rf8 33.Kc2 Rf2 34.Kd3 Rf1 35.Nc3  1-0

[Event "8th TCh-Eur w"]
[Site "Novi Sad SRB"]
[Date "2009.10.22"]
[Round "1"]
[White "Majdan,J"]
[Black "Jelica,M"]
[Result "1-0"]
[WhiteElo "2361"]
[BlackElo "2242"]

1.e4 c5 2.Nf3 d6 3.d4 cxd4 4.Nxd4 Nf6 5.Nc3 Nc6 6.Bg5 Bd7 7.Be2 Nxd4 8.Qxd4 Qa5
9.Bd2 Rc8 10.O-O Qc5 11.Qxc5 dxc5 12.e5 Ng4 13.Bf4 Nh6 14.Rad1 e6 15.Rxd7 Kxd7
16.Rd1+ Ke7 17.Ne4 Ng8 18.Nd6 Rd8 19.Be3 b6 20.Bb5 a6 21.Bxa6 f6 22.Nc8+ Rxc8
23.Bxc8 fxe5 24.Bg5+ Kf7 25.Bd8 Nf6 26.Bb7 Be7 27.Bc7 e4 28.a4 c4 29.Rd4 Bc5
30.Rxc4 e3 31.fxe3 Bxe3+ 32.Kf1 Nd5 33.Be5 h5 34.Ke2 Rd8 35.a5 Bg1 36.a6 b5
37.Rc8 Rxc8 38.Bxc8 Nb4 39.Bb7 Nxc2  1-0

[Event "Chigorin Mem Open"]
[Site "St Petersburg RUS"]
[Date "2009.10.22"]
[Round "7"]
[White "Kobzar,A"]
[Black "Shchukin,D"]
[Result "1/2-1/2"]
[WhiteElo "2198"]
[BlackElo "2368"]

1.e4 c5 2.Nf3 d6 3.d4 cxd4 4.Nxd4 Nf6 5.Nc3 Nc6 6.Bg5 Bd7 7.Qd2 Rc8 8.O-O-O Nxd4
9.Qxd4 Qa5 10.f4 Rxc3 11.bxc3 e5 12.fxe5 dxe5 13.Qc4 Ba3+ 14.Kd2 O-O 15.Bxf6 Rc8
16.Qd3 Rxc3 17.Qxc3 Bb4 18.Qxb4 Qxb4+ 19.Kc1 Qa3+ 20.Kb1 Qb4+ 21.Kc1 gxf6
22.Rxd7 Qe1+ 23.Rd1 Qxe4 24.Bd3 Qe3+ 25.Kb1 Qb6+ 26.Kc1 Qe3+ 27.Kb1 Qb6+  1/2-1/2

[Event "WJun"]
[Site "Puerto Madryn ARG"]
[Date "2009.10.23"]
[Round "2"]
[White "Can,E"]
[Black "Iturrizaga,E"]
[Result "0-1"]
[WhiteElo "2455"]
[BlackElo "2605"]

1.e4 c5 2.Nf3 d6 3.d4 cxd4 4.Nxd4 Nf6 5.Nc3 Nc6 6.Bg5 Bd7 7.Qd2 h6 8.Bxf6 gxf6
9.O-O-O Nxd4 10.Qxd4 Qa5 11.Kb1 Rc8 12.f4 Qc5 13.Qd3 Bg7 14.Qg3 Kf8 15.Bb5 Bc6
16.Bxc6 bxc6 17.f5 h5 18.Qf3 Rb8 19.Rd3 Bh6 20.b3 h4 21.Na4 Qe5 22.Nb2 Rg8
23.Nc4 Qf4 24.Qe2 Qg4 25.Re1 Qxg2 26.Qh5 Qg5 27.Qe2 Qg2 28.Qh5 Bg5 29.h3 Qf2
30.Red1 Kg7 31.Qg4 Kh6 32.Rh1 Rg7 33.Qd1 Kh7 34.Rf1 Qc5 35.Nb2 Qe5 36.Qe2 d5
37.Qh5+ Kg8 38.exd5 cxd5 39.Qf3 e6 40.c4 d4 41.Nd1 Bh6 42.Qf2 Rg3 43.Qxd4 exf5
44.Qd7 Qe4 45.Nf2 Qe2 46.Rxg3+ hxg3 47.Qd3 Qe3 48.Qd6 Bf4  0-1

[Event "WJun"]
[Site "Puerto Madryn ARG"]
[Date "2009.10.23"]
[Round "3"]
[White "Perez Ponsa,F"]
[Black "Bomans,A"]
[Result "1-0"]
[WhiteElo "2422"]
[BlackElo "2085"]

1.e4 c5 2.Nc3 d6 3.Nge2 Nf6 4.d4 cxd4 5.Nxd4 Nc6 6.Bg5 e6 7.Qd2 a6 8.O-O-O Be7
9.f3 Bd7 10.h4 h6 11.Be3 h5 12.Kb1 Ne5 13.Bd3 Rc8 14.Rhe1 Qc7 15.Bg5 b5 16.f4 b4
17.Nd5 exd5 18.fxe5 dxe5 19.exd5 Nxd5 20.Bxe7 Nxe7 21.Qg5 O-O 22.Qxh5 f5
23.b3 Qa5 24.Bc4+ Rxc4 25.bxc4 Be8 26.Qe2 exd4 27.Qxe7 Bf7 28.Qe5 Qa4 29.Qxd4 f4
30.Re7 Qa3 31.Rd7 Kh7 32.Qd3+ Bg6 33.Qxa3 bxa3 34.Rd8 Rf7 35.R1d7 Rf6 36.Rd6 Rf7
37.R8d7 Rf8 38.Rxa6 Rb8+ 39.Kc1 Rb2 40.Rd2 Rxa2 41.Kd1 Rb2 42.Ke2 Rb4 43.Rxa3 Rxc4  1-0

[Event "17th TCh-Eur"]
[Site "Novi Sad SRB"]
[Date "2009.10.24"]
[Round "3"]
[White "Serban,V"]
[Black "Kett,T"]
[Result "1/2-1/2"]
[WhiteElo "2206"]
[BlackElo "2238"]

1.e4 c5 2.Nf3 Nc6 3.d4 cxd4 4.Nxd4 Nf6 5.Nc3 d6 6.Bg5 e6 7.Qd2 a6 8.O-O-O h6
9.Nxc6 bxc6 10.Bf4 d5 11.Qe3 Qa5 12.f3 Bc5 13.Qe1 Bb4 14.Be5 Bb7 15.a3 Bxc3
16.Bxc3 Qc7 17.Qh4 Qe7 18.exd5 cxd5 19.Qg3 Nh5 20.Qf2 O-O 21.f4 Rfc8 22.Qd4 Qf6
23.Qxf6 gxf6 24.Rg1 Nxf4 25.Bxf6 Bc6 26.g4 Bb5 27.Rd2 Bxf1 28.Rxf1 Rc4 29.c3 Rac8
30.Kb1 Re4 31.Kc2 a5 32.b3 a4 33.b4 Rcc4 34.g5 h5 35.Kb2 Kh7 36.Rb1 Kg6 37.b5 Rc7
38.b6 Rb7 39.Kc2 Kf5 40.Bd8 e5 41.Rf1 Ke6 42.Bc7 h4 43.Rdf2 h3 44.Rb1 Rc4
45.Rb4 Rcxc7 46.bxc7 Rxc7 47.Rxa4 Kf5 48.Kd2 Kxg5 49.Rf3 e4 50.Rg3+ Kf5 51.Rb4 Ke5
52.a4 Ra7 53.Rg5+ f5 54.Rg3 Nd3 55.Rxd3 exd3 56.Rh4 f4 57.Kxd3 Rxa4 58.Rh5+ Ke6
59.Rxh3  1/2-1/2

[Event "8th TCh-Eur w"]
[Site "Novi Sad SRB"]
[Date "2009.10.24"]
[Round "3"]
[White "Mijovic,A"]
[Black "Novkovic,J"]
[Result "1-0"]
[WhiteElo "2173"]
[BlackElo "2077"]

1.e4 c5 2.Nf3 Nc6 3.d4 cxd4 4.Nxd4 Nf6 5.Nc3 d6 6.Bg5 e6 7.Qd2 a6 8.f3 Bd7
9.O-O-O Be7 10.h4 h6 11.Be3 h5 12.Bc4 Ne5 13.Bb3 b5 14.Qe2 b4 15.Nb1 Qb8
16.g4 hxg4 17.f4 Nf3 18.Nxf3 Bb5 19.Qe1 gxf3 20.f5 Qc8 21.fxe6 fxe6 22.Qg3 Be2
23.Qg6+ Kf8 24.Rdg1 Rh7 25.h5 Qe8 26.Bxe6 Qxg6 27.hxg6 Rxh1 28.Rxh1 Bd8 29.e5 Ne8
30.Bf7 Ke7 31.Rh8 Nc7 32.e6 Kf6 33.Bd4+ Kf5 34.Rh5+ Kg4 35.Rh1 Bg5+ 36.Nd2 Ne8
37.c3 bxc3 38.bxc3 Bd3 39.Rg1+ Kf5 40.Rg3 Be2 41.Kc2 Bh4 42.Rh3 Kg4 43.Rh1 f2
44.e7 Bxe7 45.Bxf2 Bf6 46.Re1 Bb5 47.Be6+ Kg5 48.Rg1+ Kh5 49.Bg4+ Kxg6 50.Bf3+ Kf7
51.Bxa8 Nc7 52.Be4  1-0